| 000 | 00477 a2200181 4500 | ||
|---|---|---|---|
| 005 | 20250521153028.0 | ||
| 008 | 250507b |||||||| |||| 00| 0 eng d | ||
| 020 |
_a9788183296267 _cRs. 3200.00 |
||
| 040 | _aMAIN | ||
| 082 |
_a572 _bS23B |
||
| 100 | _aSharma, A K | ||
| 245 | _aBiochemistry of biomolecules | ||
| 260 |
_bShree Publishers and Distributors _c2024 _aNew Delhi |
||
| 300 | _a312 | ||
| 650 | _aBiochemistry | ||
| 650 | _aMolecular Biochemistery | ||
| 942 | _cBK | ||
| 999 |
_c358455 _d358455 |
||